Quizzes
Events
Quiz Creation
Community
Videos
Private Events
Remove Ads
Sign In
Join for FREE
Feedback
Dark Mode
Quiz Categories
Sports
Geography
Music
Movies
Television
Just For Fun
Miscellaneous
History
Literature
Language
Science
Gaming
Entertainment
Religion
Holiday
For Kids
Quiz Lab
Recent
Popular Today
Quiz Kudos Today
Editor Picks
Curator Picks
Quizzes by...
Day
Popularity
Type
Ratings
Length
Year
Community
Subscriptions
Recent Discussions
Orange Saloon
Badges
Playlists
Quests
Create
Leaderboards
Showdown
Live 5
Trivia Bingo
Activity
Puzzle Library
Sporcle Events
Private Events
Virtual Trivia
Globe League
Become a Host
Pub Owners
SporcleCon
Opinionation
Our Games
Videos
Blog
Mobile Apps
Partnerships
Remove Ads and Go Orange
Feedback
Miscellaneous
Crossword
General Knowledge
Baby Names
Logo
Food
Cars
Numbers
Grab Bag
University
College
Popular
Company
Slogans
Restaurants
Justice
Letter
Miscellaneous
Crossword
General Knowledge
Baby Names
Logo
Food
Cars
Numbers
Grab Bag
University
College
Popular
Company
Slogans
Restaurants
Justice
Letter
Random Quiz
Search Sporcle
×
Editor Pick
Editor Pick
Miscellaneous
Famous
Type in answers that appear in a list
Type in answers that appear in a list
Classic
Best Score? Go Orange.
Everyone Rides Dinosaurs (Images) Stats
Can you name the people, characters and things that are riding dinosaurs?
By
Extinctanimals22
5m
17 Questions
896 Plays
896 Plays
896 Plays
Comments
Comments
Give Quiz Kudos
Give Quiz Kudos
-
- Ratings
hide this ad
More Info
Replay
Link that replays current quiz
Next Quiz
Link to next quiz in quiz playlist
You Got
0%
They Got
Avg Score
56%
Avg Friend Score
Upgrade to see
Score Distribution
Jump to the score distribution portion of the page
Score
0/17
Timer
05:00
0
Plays Today
#
Person/Thing
% Correct
8
Jesus
92.7%
5
IPhone
89.7%
7
Mario
89%
15
Fred Flintstone
85.6%
16-
Left
George Washington
81.7%
9
Count Dracula
74.9%
3
The Doctor
67.1%
13
Bigfoot
66.2%
4
Napoleon Bonaparte
62.5%
#
Person/Thing
% Correct
6
Wonder Woman
62.3%
16-
Right
Adolf Hitler
60.7%
14
Chipmunk
51%
11
Ronald Reagan
24.6%
12
Paula Deen
17.1%
2
Carl Sagan
14.7%
1
Bane
6.9%
10
Rick Perry
5.5%
Quiz Playlist
Details
Report
Send in Message
Add To Playlist
More Info:
#13 is not actually scientifically a dinosaur; #16 was edited to have the two characters names removed.
Classic:
Type in answers that appear in a list
Quiz Source
Last Updated: Nov 18, 2017
Editor Pick in
Miscellaneous
Quiz Scoreboard
CHALLENGE
Sign Up to Join the Scoreboard
Show All
Scores
Hide
Comments
May contain spoilers
Recently Published
Presidents Visiting Landmarks
by Hejman
History
7m
An Introduction to Baseball
by treessimontrees
Sports
5m
Movies - When Are They Set?
by FPL_Elf
Movies
5m
More to Explore
Quiz From the Vault
Featured Blog Post
Where Did the Easter Bunny Come From?
hide this ad
You Might Also Like...
Tags
Animal Quiz
Animation Quiz
Famous Quiz
Superhero Quiz
US Presidents Quiz
Image Quiz
Today's Top Quizzes in Miscellaneous
Browse Miscellaneous
hide this ad
Today's Top Quizzes in Famous
Browse Famous
Top Contributed Quizzes in Miscellaneous
1
5-to-1: Fast Food
2
The JOE quick-fire general knowledge quiz: Day 174
3
The JOE quick-fire general knowledge quiz: Day 173
4
5-to-1: Cocktails
5
The JOE quick-fire general knowledge quiz: Day 172
6
Sunday Crossword: Famous Bodies of Water
7
One Thing in Common: United Kingdom II
8
The JOE quick-fire general knowledge quiz: Day 171
9
Named After an Animal - Odd One Out!
10
The JOE quick-fire quiz: Day 170
Explore More
Trending Topics
NBA
Disney
Marvel
Harry Potter
Kpop
Anime
Crossword
Pokémon
Soccer
The Office
Puzzle
NFL
WWE
Country
Song
hide this ad
More By:
Extinctanimals22
Quiz
Plays
Rating
Category
Featured
Created
100 Tiny Animals
88,848
3.78
Science
Jun 21, 2012
'Heroes of Olympus' Seven Demigods
47,537
4.10
Literature
Dec 26, 2012
Disney Character by Superpower
40,655
4.39
Movies
Jan 7, 2022
Animated Superhero Teams
38,437
4.33
Entertainment
Feb 22, 2016
Talking Animals of Narnia
37,405
4.68
Literature
Jan 31, 2013
Go to Creator's Profile
Score Distribution
Quiz Creator Spotlight
Extinctanimals22
Follow
Send a Message
Quizzes Created
-
Created Quiz Play Count
-
More By This Creator
Popular Quizzes Today
1
Find the US States - No Outlines Minefield
2
Find the Countries of Europe - No Outlines Minefield
3
The Countries of the World
4
Find the US States
5
Popular People in 1961
6
US States
7
Risky Map Clicking: Biggest States A-Z
8
Movies - When Are They Set?
More Miscellaneous Quizzes
Sporcle Speed-Picking VIII
Published
Trending Quizzes
Risky Map Clicking: Least Populous States A-Z
1-10 Letter G Words
1-10 Letter F Words
Risky Map Clicking: Next State Alphabetically
Risky Map Clicking: Biggest States A-Z
Recently Updated
Leaping Animals
pecheneg
Reality TV Shows (A-Z)
bhenderson79
Rickey Henderson's Hall of Fame Teammates
pecheneg
Champions League XIs: Arsenal
pecheneg
Quick Pick: Celebrities in WWE's Hall of Fame
aduchscher
A-Z Keypad Blitz II
pecheneg
Multiple Oscar Actors
pecheneg
Mystery Phrase Blitz: Oscar 'Best Actors'
pecheneg
F. Scott Fitzgerald Novels
LTH
Pick 3 Villains
ddd62291
Trending Topics
Crossword
NBA
Kpop
Harry Potter
Disney
Anime
Marvel
Country
Soccer
Puzzle
Song
WWE
The Office
NFL
Pokémon
Your Account Isn't Verified!
In order to create a playlist on Sporcle, you need to verify the email address you used during registration. Go to your
Sporcle Settings
to finish the process.
Report this User
Report this user for behavior that violates our
Community Guidelines
.
Details:
Send Report
Go to the Sporcle.com Mobile Site →
Comments